Online Catalogue and eLibrary

Handa naluwa hewath guwanvidhuli natayaya (Record no. 1167)

MARC details
000 -LEADER
fixed length control field 00418nam a2200157Ia 4500
005 - DATE AND TIME OF LATEST TRANSACTION
control field 20250528020943.0
008 - FIXED-LENGTH DATA ELEMENTS--GENERAL INFORMATION
fixed length control field 240331s9999 xx 000 0 und d
020 ## - INTERNATIONAL STANDARD BOOK NUMBER
ISBN 9552008565
082 ## - DDC Classification
Class No. 302.234
Item Number - Author Mark DES
100 ## - MAIN ENTRY--PERSONAL NAME
Personal name De Silva, S
245 #0 - TITLE STATEMENT
Title Handa naluwa hewath guwanvidhuli natayaya
260 ## - PUBLICATION, DISTRIBUTION, ETC.
Place of publication, distribution, etc. Colombo
Name of publisher, distributor, etc. S. Godage & Brothers
Date of publication, distribution, etc. 1993
300 ## - PHYSICAL DESCRIPTION
Extent (e.g. Volumes, Pages etc.) 123 p .,
500 ## - GENERAL NOTE
General note The way to write a radio play
942 ## - Koha item type (Biblio)
Koha item type Books in Stacks (Lending)
Holdings
Lost status Damaged status Collection code Home library Current library Shelving location Date acquired Full call number Accession Number Item type
    Lending WERC Library WERC Library Social Science Cupboard 03/31/2024 302.234 DES 2098 Books in Stacks (Lending)

© WERC Library